|
|
|
|
| LEADER |
01110ppm a22002778a 4500 |
| 001 |
00029989 |
| 005 |
20171026081022.0 |
| 008 |
121206s2011 ||||||viesd |
| 041 |
0 |
# |
|a vie
|
| 082 |
1 |
4 |
|b H406TH
|a 658.1
|
| 100 |
1 |
# |
|a Hồ, Thị Khánh Linh
|
| 245 |
0 |
0 |
|a Hoàn thiện quản lý tài chính tại trường Đại học Đồng Tháp
|b Luận văn thạc sĩ Kinh tế. Chuyên ngành: Kinh tế Tài chính - Ngân hàng.
|c Hồ Thị Khánh Linh; Vũ Duy Hào (hướng dẫn)
|
| 260 |
# |
# |
|a Hà Nội
|b Đại học Kinh tế Quốc Dân
|c 2011
|
| 300 |
# |
# |
|e 1 CD
|a 82 tr.
|c 30 cm.
|
| 500 |
# |
# |
|a ĐTTTS ghi: Trường Đại học Kinh tế Quốc dân
|
| 653 |
# |
# |
|a Luận văn
|
| 653 |
# |
# |
|a Đại học Đồng Tháp
|
| 653 |
# |
# |
|a Quản lý tài chính
|
| 700 |
1 |
# |
|a Vũ, Duy Hào
|e Hướng dẫn
|
| 852 |
# |
# |
|j LV.0000209
|
| 852 |
# |
# |
|b Kho đọc SĐH
|j LV.0000209
|
| 910 |
|
|
|d 06/12/2012
|
| 980 |
# |
# |
|a Trung tâm Học liệu Lê Vũ Hùng, Trường Đại học Đồng Tháp
|